000 01903nam a2200553 i 4500
001 24437
003 KOSZ 005
005 20200406133518.0
008 970612s1991 pl a f |001 0 pol
015 _aUWD 1991/4664
020 _a8320411084
035 _a991001794839705066
035 _a(PL-WaBN)b10504990-48omnis_nlop
035 _ab10504990
035 _a(OCoLC)749337678
035 _a(PL)b0000001050499
035 _a(EXLNZ-48OMNIS_NETWORK)9910233101705606
040 _aWA N
_cWA N
_dKOSZ 005/EG
046 _k1980
080 _a66.01/.09
080 _a541.12
080 _a(075.8)
100 1 _aSzarawara, Józef
_d(1924- )
_eAutor
245 1 0 _aPodstawy inżynierii reaktorów chemicznych /
_c[Józef Szarawara, Jerzy Skrzypek, Andrzej Gawdzik].
250 _aWyd. 2 uaktual.
260 _aWarszawa :
_bWydawnictwa Naukowo-Techniczne,
_c1991.
300 _a478, [2] s. :
_brys., wykr. ;
_c24 cm.
336 _2rdacontent
_aTekst
_btxt
337 _2rdamedia
_aBez urządzenia pośredniczącego
_bn
338 _2rdacarrier
_aWolumin
_bnc
380 _aKsiążki
380 _aPublikacje dydaktyczne
385 _mPoziom nauczania
_aSzkoły wyższe
388 _a1901-2000
490 1 _aInżynieria Chemiczna
500 _aWyd. 1 ogł. pod hasłem: Szarawara Józef, Skrzypek Jerzy.
504 _aBibliogr. s. 465-469. - Indeks.
650 7 _aReaktory chemiczne
_2DBN
655 7 _aPodręczniki akademickie
_2DBN
658 _aInżynieria i technika
658 _aChemia
700 1 _aGawdzik, Andrzej
_d(1941- )
_eAutor
700 1 _aSkrzypek, Jerzy
_eAutor
710 2 _aWydawnictwa Naukowo-Techniczne
_4pbl
830 0 _aInżynieria Chemiczna
856 _uhttp://koha.tu.koszalin.pl/cgi-bin/koha/opac-detail.pl?biblionumber=24437
_yKatalog online BPK
942 _2UKD
_cKS
999 _c24437
_d24437